| 000 | 01357nam a2200301 i 4500 | ||
|---|---|---|---|
| 003 | EG-ScBUE | ||
| 005 | 20231002110928.0 | ||
| 008 | 100808s1991 cy f 000 0bara d | ||
| 040 |
_aEG-ScBUE _bara _erda _cEG-ScBUE _dEG-ScBUE |
||
| 043 | _an-us--- | ||
| 082 | 0 | 4 |
_222 _bك ي ل _a973.927 |
| 100 | 1 |
_917267 _aكيلي، كيتي، _eمؤلف. |
|
| 245 | 1 | 0 |
_aنانسي ريغن : _bالسيرة الممنوعة / _cتأليف كيتي كيلي ؛ ترجمة أورينتال هاوس. |
| 250 | _aالطبعة الأولى. | ||
| 264 | 1 |
_aقبرص : _bشركة أورينتال هاوس للخدمات الإعلامية، _c1991. |
|
| 300 |
_a670 صفحة ؛ _c24 سم |
||
| 336 |
_2rdacontent _aنص _btxt |
||
| 337 |
_2rdamedia _aبدون وسيط _bn |
||
| 338 |
_2rdacarrier _aمجلد _bnc |
||
| 541 |
_a??? ??? ? _c???? ? |
||
| 546 | _aالنص باللغة العربية وتم ترجمته من اللغة الإنجليزية. | ||
| 600 | 1 | 7 |
_aريجان، نانسي، _d1921-2016. _2BUEsh |
| 650 | 7 |
_aالسياسيون الأمريكيون _vتراجم. _2BUEsh |
|
| 651 | 7 |
_aالولايات المتحدة الأمريكية _xتاريخ _yالعصر الحديث _yرونالد ريجان (1981-1989). _2BUEsh |
|
| 655 | _vReading book | ||
| 700 | 1 |
_aهاوس، أورينتال، _eمترجم. |
|
| 942 |
_2ddc _cBB |
||
| 999 |
_c14642 _d14642 |
||